000 00221nam a22000857a 4500
008 170131b xxu||||| |||| 00| 0 eng d
100 _92704
_aGifferd. T. V
245 _aMedien and KommuniKation
260 _aUK
_bGerstenberg
_c2000
999 _c5865
_d5865